|
|
|
|
| LEADER |
00917pam a22002658a 4500 |
| 001 |
00045522 |
| 005 |
20200601090644.0 |
| 008 |
170514s2011 ||||||Viesd |
| 020 |
# |
# |
|c 170000
|
| 041 |
0 |
# |
|a Vie
|
| 082 |
1 |
# |
|a 895.6
|b T527T
|
| 100 |
0 |
# |
|a Kawabata, Yasunari
|
| 245 |
0 |
0 |
|a Tuyển tập tác phẩm
|c Yasunari Kawabata ; Xuân Anh,... [và những người khác] (dịch)
|
| 260 |
# |
# |
|a Hà Nội
|b Lao Động
|c 2004
|
| 300 |
# |
# |
|a 1119 tr.
|c 29 cm
|b chân dung
|
| 541 |
# |
# |
|a photo, 1 quyển chia 2
|
| 653 |
# |
# |
|a Nhật Bản
|
| 653 |
# |
# |
|a Thế kỷ 20
|
| 653 |
# |
# |
|a Tiểu thuyết
|
| 653 |
# |
# |
|a Truyện ngắn
|
| 653 |
# |
# |
|a Văn học
|
| 700 |
1 |
# |
|a Xuân Anh
|e Dịch
|
| 852 |
# |
# |
|j KM.0033953
|j KM.0033955
|j KM.0033954
|j KD.0027195
|j KD.0027194
|j KM.0033952
|
| 910 |
# |
# |
|d 1/6/2020
|
| 980 |
# |
# |
|a Trung tâm Học liệu Lê Vũ Hùng, Trường Đại học Đồng Tháp
|